00727nam a2200253 a 4500001001300000003000900013005001700022008004100039020001000080082001900090100003000109245001900139260003900158300000900197500003500206505001000241650002000251650002000271700003000291902000800321942000700329952012000336999001700456nice12345678IN_TiNIC20260116013645.0050524s1995 cala grd 000 0 urd  ac23000a491.43931bASA aAsar, Fakharuddin Siddiqi aUrdu Mahavirey aCalcuttabOsmania Book Depotc1995 a855p aincludes index and biblioraphy2 aIndex aDictionary-Urdu aUrdu-Dictionary1 aAsar, Fakharuddin Siddiqi bRHR cBK 001040708ReferHall-aHMIbHMId2007-06-07g230.00l0o491.43931 ASAp016688r2007-06-07v230.00w2005-05-24yBK c11834d11834